| 000 | 00910nam a2200289 i 4500 | ||
|---|---|---|---|
| 001 | 15845 | ||
| 003 | BD-RjUL | ||
| 005 | 20211208235909.0 | ||
| 008 | 140211s1976 njua b 001 0 eng d | ||
| 020 | _a0138552541 | ||
| 035 | _a(BD-RjUL)15900 | ||
| 040 |
_aDLC _cDLC _dDLC _dBD-RjUL _beng |
||
| 041 | _aeng | ||
| 082 | 0 | 0 |
_a658.4 _bMES 1976 |
| 100 | 1 |
_aMelcher, Arlyn J. _d1931- _949140 |
|
| 245 | 1 | 0 |
_aStructure and process of organizations : _ba systems approach / _c by Arlyn J. Melcher. |
| 260 |
_aEnglewood Cliffs, N.J. : _bPrentice-Hall, _cc1976. |
||
| 300 |
_axiv, 461 p. : _bill. ; _c24 cm. |
||
| 490 | 0 | _aPrentice-Hall behavioral sciences in business series | |
| 504 | _aIncludes bibliographical references and indexes. | ||
| 650 | 0 |
_aOrganization. _949141 |
|
| 650 | 0 |
_aManagement. _949142 |
|
| 650 | 0 |
_aLeadership. _949143 |
|
| 942 |
_2ddc _cBK |
||
| 999 |
_c15845 _d15845 |
||